[Event "Maikop University"]
[Site "Maikop"]
[Date "1998.06.05"]
[Round "5"]
[White "Nikitin Andrey"]
[Black "Karavaev Vladimir"]
[Result "1/2-1/2"]
[WhiteElo "2410"]
[BlackElo "2380"]
[PlyCount "108"]
[EventDate "1998.06.01"]

1. d4 d5 2. c4 dxc4 3. Nf3 Nf6 4. Nc3 Nc6 5. e3 Bg4 6. Bxc4 e6 7. h3 Bxf3 8.
Qxf3 a6 9. O-O Bd6 10. b3 O-O 11. Bb2 Rb8 12. Ne4 Nxe4 13. Qxe4 Nb4 14. Rfd1 c6
15. Qf3 Nd5 16. e4 Nb6 17. Bd3 Qe7 18. Qh5 Ba3 19. Bc3 Bb4 20. Rac1 Bxc3 21.
Rxc3 Rfd8 22. Bb1 Rbc8 23. e5 g6 24. Qg4 c5 25. h4 h5 26. Qe4 Nd5 27. Rcc1 cxd4
28. Qxd4 Rxc1 29. Rxc1 Nb4 30. Qf4 Nc6 31. g3 Rd4 32. Qe3 Qd7 33. Kh2 Rd5 34.
f4 Rd2+ 35. Kh3 Qd4 36. Qxd4 Rxd4 37. Kg2 Rd2+ 38. Kf3 Rb2 39. Be4 Nd4+ 40. Ke3
Nf5+ 41. Bxf5 gxf5 42. Kd4 Rxa2 43. Kc5 Rd2 44. Kb6 Rd5 45. Rc3 Rb5+ 46. Kc7
Kf8 47. Kd7 Rd5+ 48. Kc7 b5 49. b4 a5 50. bxa5 b4 51. Rb3 Rxa5 52. Rxb4 Ra3 53.
Rb8+ Ke7 54. Rg8 Rc3+ 1/2-1/2

[Event "Maikop University"]
[Site "Maikop"]
[Date "1998.06.05"]
[Round "5"]
[White "Shariyazdanov Andrey"]
[Black "Prokopchuk Evgeny"]
[Result "1/2-1/2"]
[WhiteElo "2495"]
[BlackElo "2500"]
[PlyCount "23"]
[EventDate "1998.06.01"]

1. d4 Nf6 2. c4 e6 3. Nc3 c5 4. d5 exd5 5. cxd5 d6 6. e4 g6 7. Nf3 Bg7 8. Be2
O-O 9. O-O Bg4 10. Nd2 Bxe2 11. Qxe2 a6 12. a4 1/2-1/2

[Event "Maikop University"]
[Site "Maikop"]
[Date "1998.06.05"]
[Round "5"]
[White "Rublevsky Sergei"]
[Black "Zakharevich Igor"]
[Result "1-0"]
[WhiteElo "2665"]
[BlackElo "2530"]
[PlyCount "101"]
[EventDate "1998.06.01"]

1. e4 e6 2. d4 d5 3. Nd2 dxe4 4. Nxe4 Nd7 5. Nf3 Ngf6 6. Bd3 c5 7. O-O Nxe4 8.
Bxe4 Nf6 9. Bg5 cxd4 10. Qe2 Be7 11. Rad1 Nxe4 12. Rxd4 Qxd4 13. Nxd4 Nxg5 14.
f4 O-O 15. fxg5 Bxg5 16. Nf3 Bd8 17. Qe4 f6 18. c4 Rb8 19. b4 a5 20. a3 axb4
21. axb4 Bc7 22. c5 Bd7 23. Qc4 Kh8 24. Nd4 Rfe8 25. Rd1 b5 26. Qa2 e5 27. Qf7
Bg4 28. Qxc7 Bxd1 29. Nf5 Rg8 30. Nd6 Rgf8 31. c6 e4 32. Qd7 e3 33. c7 Ra8 34.
c8=Q Rfxc8 35. Nxc8 h6 36. Qxd1 Rxc8 37. Kf1 Re8 38. Ke2 Re5 39. Qd3 h5 40. Qg6
Kg8 41. g3 Kf8 42. g4 hxg4 43. Qxg4 Kf7 44. h4 Kg8 45. Qg6 Kf8 46. h5 Rg5 47.
Qh7 Re5 48. Kf1 e2+ 49. Ke1 Re6 50. h6 gxh6 51. Qf5 1-0

[Event "Maikop University"]
[Site "Maikop"]
[Date "1998.06.05"]
[Round "5"]
[White "Ibragimov Ildar"]
[Black "Shabanov Yuri"]
[Result "1-0"]
[WhiteElo "2590"]
[BlackElo "2495"]
[PlyCount "69"]
[EventDate "1998.06.01"]

1. c4 Nf6 2. Nc3 e6 3. d4 d5 4. cxd5 exd5 5. Bg5 c6 6. e3 Bf5 7. Qf3 Be6 8.
Bxf6 Qxf6 9. Qxf6 gxf6 10. Bd3 Nd7 11. Nge2 Nb6 12. Ng3 a5 13. f4 Be7 14. f5
Bc8 15. Nh5 Rg8 16. Rg1 Bd7 17. g4 O-O-O 18. Kf2 Kb8 19. h3 Bc8 20. Rge1 Rd6
21. a3 Bd8 22. b4 axb4 23. axb4 Re8 24. b5 Bd7 25. Rec1 Re7 26. Rab1 cxb5 27.
Bxb5 Bc6 28. Nf4 Red7 29. Be2 Bc7 30. Nb5 Bxb5 31. Bxb5 Rd8 32. Nh5 Rc8 33. Rb3
Nc4 34. Bxc4 Rc6 35. Bxd5 1-0

[Event "Maikop University"]
[Site "Maikop"]
[Date "1998.06.05"]
[Round "5"]
[White "Zarubin Pavel"]
[Black "Kharlov Andrei"]
[Result "1/2-1/2"]
[WhiteElo "2445"]
[BlackElo "2560"]
[PlyCount "80"]
[EventDate "1998.06.01"]

1. d4 d5 2. Nf3 Nf6 3. c4 e6 4. Nc3 dxc4 5. e3 a6 6. a4 c5 7. Bxc4 Nc6 8. O-O
Be7 9. dxc5 Bxc5 10. Qe2 Qc7 11. e4 Nd4 12. Nxd4 Bxd4 13. Rd1 Be5 14. g3 Bd7
15. Bd2 O-O 16. a5 Bc6 17. Bd3 h6 18. Be1 Rfd8 19. Na4 Bd4 20. Kg2 Nd7 21. Rac1
Ne5 22. Bb1 Qe7 23. Nc3 Bc5 24. f4 Nd7 25. Kh3 f6 26. Ba2 Nf8 27. Bb3 Bb4 28.
Na2 Bxe1 29. Qxe1 Rxd1 30. Rxd1 Qc5 31. Nb4 Be8 32. Nd3 Qb5 33. Qb4 Qh5+ 34.
Kg2 Bc6 35. Nf2 f5 36. Ba4 Bxa4 37. Qxa4 fxe4 38. Qxe4 Qb5 39. b4 Rc8 40. Rd4
b6 1/2-1/2

[Event "Maikop University"]
[Site "Maikop"]
[Date "1998.06.05"]
[Round "5"]
[White "Yandemirov Valeri"]
[Black "Petrushin Alexander I"]
[Result "1-0"]
[WhiteElo "2545"]
[BlackElo "2425"]
[PlyCount "81"]
[EventDate "1998.06.01"]

1. e4 c5 2. Nf3 d6 3. d4 cxd4 4. Nxd4 Nf6 5. f3 Nc6 6. c4 Nxd4 7. Qxd4 g6 8.
Nc3 Bg7 9. Be3 O-O 10. Qd2 Be6 11. Be2 Qa5 12. O-O Rfc8 13. Rfc1 a6 14. Rab1
Nd7 15. b4 Qd8 16. Nd5 Bxd5 17. exd5 a5 18. bxa5 Qxa5 19. Qxa5 Rxa5 20. Rxb7
Rxa2 21. Kf1 Rd8 22. Rcb1 Ra1 23. Rxa1 Bxa1 24. Rc7 h5 25. Bd1 Bf6 26. f4 Nf8
27. Ba4 Ra8 28. Ba7 e5 29. Bc6 Rd8 30. g3 exf4 31. gxf4 Nh7 32. Rb7 Bg7 33. Rb8
Rf8 34. c5 Bd4 35. Be8 Nf6 36. c6 Nxe8 37. Bxd4 Nc7 38. Rb7 Nxd5 39. c7 Ne7 40.
Rb8 Nc8 41. Bf6 1-0

[Event "Maikop University"]
[Site "Maikop"]
[Date "1998.06.05"]
[Round "5"]
[White "Bratchenko Alexander"]
[Black "Igudesman K"]
[Result "1/2-1/2"]
[WhiteElo "2355"]
[BlackElo "2370"]
[PlyCount "27"]
[EventDate "1998.06.01"]

1. d4 f5 2. g3 Nf6 3. Bg2 e6 4. Nf3 d5 5. O-O Bd6 6. c4 c6 7. b3 Qe7 8. Bb2 b6
9. Ne5 Bb7 10. Nd2 O-O 11. e3 a5 12. a3 Ne4 13. f4 Nxd2 14. Qxd2 1/2-1/2

[Event "Maikop University"]
[Site "Maikop"]
[Date "1998.06.05"]
[Round "5"]
[White "Korneev Oleg"]
[Black "Ionov Sergey"]
[Result "1/2-1/2"]
[WhiteElo "2560"]
[BlackElo "2530"]
[PlyCount "35"]
[EventDate "1998.06.01"]

1. e4 c5 2. Nf3 d6 3. d4 cxd4 4. Nxd4 Nf6 5. Nc3 Nc6 6. Bg5 e6 7. Qd2 a6 8.
O-O-O Nxd4 9. Qxd4 Be7 10. Kb1 b5 11. f3 Qc7 12. h4 Bb7 13. a3 Rc8 14. Bd3 O-O
15. h5 h6 16. Bd2 Nd7 17. Qf2 Ne5 18. g4 1/2-1/2

[Event "Maikop University"]
[Site "Maikop"]
[Date "1998.06.05"]
[Round "5"]
[White "Solozhenkin Evgeniy"]
[Black "Tregubov Pavel V"]
[Result "0-1"]
[WhiteElo "2500"]
[BlackElo "2560"]
[PlyCount "88"]
[EventDate "1998.06.01"]

1. d4 d5 2. c4 e6 3. Nf3 c6 4. g3 dxc4 5. Bg2 b5 6. O-O Bb7 7. a4 Nd7 8. Nc3 a6
9. Ne5 Ne7 10. axb5 axb5 11. Rxa8 Bxa8 12. Nxd7 Qxd7 13. e4 g6 14. e5 Bg7 15.
Ne4 O-O 16. Bg5 Qa7 17. Qa1 Qxa1 18. Rxa1 Nf5 19. Nc5 Nxd4 20. Nd7 Nb3 21. Ra2
Re8 22. Nb6 Bb7 23. Ra7 h6 24. Be3 Re7 25. Nc8 Rd7 26. Nd6 Bxe5 27. Nxb7 Rd1+
28. Bf1 Bxb2 29. Ra8+ Kh7 30. Kg2 c3 31. Ra2 Rd7 32. Na5 Nd2 33. h4 c2 34. Nb3
Nxb3 35. Rxb2 c1=Q 36. Bxc1 Nxc1 37. Rc2 Nb3 38. Rxc6 Rb7 39. Rc3 Nd4 40. Rd3
e5 41. f4 f6 42. fxe5 fxe5 43. Ra3 b4 44. Ra6 e4 0-1

[Event "Maikop University"]
[Site "Maikop"]
[Date "1998.06.05"]
[Round "5"]
[White "Poluljahov Aleksandr"]
[Black "Loginov Valery A"]
[Result "1/2-1/2"]
[WhiteElo "2505"]
[BlackElo "2500"]
[PlyCount "33"]
[EventDate "1998.06.01"]

1. Nf3 Nf6 2. c4 e6 3. Nc3 Bb4 4. g3 O-O 5. Bg2 d5 6. d4 dxc4 7. O-O Nc6 8. a3
Be7 9. e4 Na5 10. Bf4 Nb3 11. Rb1 a6 12. Qe2 b5 13. Rbd1 c6 14. Rfe1 Bb7 15. h3
Re8 16. g4 h6 17. g5 1/2-1/2

[Event "Maikop University"]
[Site "Maikop"]
[Date "1998.06.06"]
[Round "6"]
[White "Shabanov Yuri"]
[Black "Epishin Vladimir"]
[Result "1-0"]
[WhiteElo "2495"]
[BlackElo "2590"]
[PlyCount "91"]
[EventDate "1998.06.01"]

1. e4 c5 2. Nf3 e6 3. d3 Nc6 4. g3 d5 5. Nbd2 g6 6. Bg2 Bg7 7. O-O Nge7 8. c3
O-O 9. exd5 exd5 10. Nb3 b6 11. Bf4 Re8 12. Re1 Bb7 13. d4 c4 14. Nbd2 Qd7 15.
Nf1 f6 16. h4 Nd8 17. Kh2 Nf7 18. Qd2 Rad8 19. Bh3 f5 20. Ne5 Nxe5 21. Bxe5
Bxe5 22. Rxe5 Nc6 23. Rxe8+ Rxe8 24. Re1 Rxe1 25. Qxe1 Qe7 26. Qd2 Qd6 27. Qg5
Ne7 28. h5 Bc8 29. hxg6 hxg6 30. Qh6 Qf6 31. Nd2 f4 32. Qxf4 Qxf4 33. gxf4 Bxh3
34. Kxh3 Kf7 35. Nf1 b5 36. Ne3 a5 37. Kg4 b4 38. f5 gxf5+ 39. Nxf5 a4 40. a3
Nc6 41. Ne3 bxa3 42. bxa3 Ke6 43. f4 Na7 44. f5+ Kd6 45. Kg5 Nb5 46. Kh6 1-0

[Event "Maikop University"]
[Site "Maikop"]
[Date "1998.06.06"]
[Round "6"]
[White "Ivanov Sergey"]
[Black "Zarubin Pavel"]
[Result "0-1"]
[WhiteElo "2570"]
[BlackElo "2445"]
[PlyCount "100"]
[EventDate "1998.06.01"]

1. d4 e6 2. c4 f5 3. Nf3 Nf6 4. Nc3 c6 5. Bf4 d6 6. e3 Be7 7. h3 a6 8. Be2 b5
9. a3 Nbd7 10. O-O bxc4 11. Bxc4 Nb6 12. Bd3 Nbd5 13. Bh2 O-O 14. Rc1 Bd7 15.
Nd2 a5 16. e4 fxe4 17. Ncxe4 Nxe4 18. Nxe4 Nf4 19. Bb1 Rb8 20. Qd2 g5 21. h4
Rb5 22. hxg5 Bxg5 23. Qc2 Qe7 24. Nxd6 Rd5 25. Ne4 Bh6 26. Rcd1 Rh5 27. g3 Kh8
28. Rfe1 Qg7 29. f3 Nd5 30. Qd3 Rhf5 31. Nc5 Bf4 32. Ne4 Rh5 33. Re2 Rg8 34.
Rf1 e5 35. Rff2 exd4 36. Rg2 Be3+ 37. Rxe3 Nxe3 38. Rd2 c5 39. b4 axb4 40. axb4
Bf5 41. Qe2 c4 42. g4 Bxg4 43. fxg4 Nxg4 44. Bf4 d3 45. Bxd3 Qd4+ 46. Kg2 cxd3
47. Rxd3 Ne3+ 48. Kf3 Rh3+ 49. Ng3 Rhxg3+ 50. Bxg3 Rf8+ 0-1

[Event "Maikop University"]
[Site "Maikop"]
[Date "1998.06.06"]
[Round "6"]
[White "Bratchenko Alexander"]
[Black "Ionov Sergey"]
[Result "1/2-1/2"]
[WhiteElo "2355"]
[BlackElo "2530"]
[PlyCount "88"]
[EventDate "1998.06.01"]

1. d4 d6 2. c4 e5 3. dxe5 dxe5 4. Qxd8+ Kxd8 5. Nc3 Be6 6. b3 Nd7 7. g3 c6 8.
Bh3 Bxh3 9. Nxh3 f6 10. Bb2 Nh6 11. e3 Kc7 12. Ke2 Nc5 13. f3 a5 14. Rab1 Be7
15. Nf2 Nf7 16. Nfe4 Nxe4 17. Nxe4 a4 18. b4 Bxb4 19. Bxe5+ Nxe5 20. Rxb4 b6
21. Rhb1 Ra6 22. f4 Nd7 23. c5 b5 24. Rd4 Re8 25. Rbd1 Re7 26. g4 Ra8 27. Kf3
Rae8 28. a3 Nf8 29. R1d3 Nd7 30. Nd6 Rf8 31. Rc3 g6 32. Ne4 f5 33. gxf5 Rxf5
34. Rc2 Ne5+ 35. Kg3 Nc4 36. Rcxc4 bxc4 37. Rxc4 Rd5 38. Rxa4 Kb8 39. Kf3 Rd3
40. Ra6 Kb7 41. Ra4 Kb8 42. Ra6 Kb7 43. Ra4 Kb8 44. Ra6 Kb7 1/2-1/2

[Event "Maikop University"]
[Site "Maikop"]
[Date "1998.06.06"]
[Round "6"]
[White "Solozhenkin Evgeniy"]
[Black "Zakhvatov Vladimir"]
[Result "1-0"]
[WhiteElo "2500"]
[BlackElo "2335"]
[PlyCount "85"]
[EventDate "1998.06.01"]

1. d4 Nf6 2. c4 e6 3. Nf3 d5 4. Nc3 Bb4 5. Qa4+ Nc6 6. Ne5 Bd7 7. Nxd7 Qxd7 8.
a3 Be7 9. cxd5 exd5 10. Bf4 O-O 11. e3 a6 12. Bd3 Nh5 13. Bg3 g6 14. Be2 b5 15.
Qc2 Nxg3 16. hxg3 Na5 17. Bf3 c6 18. b3 Nb7 19. O-O Nd6 20. Rfc1 Rac8 21. Ne2
g5 22. Nc3 g4 23. Be2 f5 24. Bd3 Rf6 25. Ne2 Rh6 26. a4 Qe8 27. Nf4 Bg5 28.
Bxf5 Bxf4 29. Bxg4 Bg5 30. Bxc8 Nxc8 31. Qf5 Rg6 32. axb5 Ne7 33. Qe5 axb5 34.
Ra7 Kf7 35. Rca1 Bf6 36. Qc7 Kg7 37. R1a6 Rh6 38. Ra1 Qh5 39. f3 Qg5 40. Kf2
Rg6 41. Rc1 h5 42. Rxc6 Qf5 43. Rxf6 1-0

[Event "Maikop University"]
[Site "Maikop"]
[Date "1998.06.06"]
[Round "6"]
[White "Savchenko Stanislav"]
[Black "Rublevsky Sergei"]
[Result "1/2-1/2"]
[WhiteElo "2595"]
[BlackElo "2665"]
[PlyCount "37"]
[EventDate "1998.06.01"]

1. d4 d5 2. c4 dxc4 3. e4 e5 4. Nf3 exd4 5. Bxc4 Bb4+ 6. Bd2 Bxd2+ 7. Nbxd2 Nc6
8. O-O Qf6 9. b4 Nge7 10. b5 Nd8 11. e5 Qg6 12. Nxd4 Ne6 13. Nxe6 Bxe6 14. Bxe6
fxe6 15. Nc4 Nd5 16. Ne3 Rd8 17. Nxd5 Rxd5 18. Qe2 O-O 19. Rac1 1/2-1/2

[Event "Maikop University"]
[Site "Maikop"]
[Date "1998.06.06"]
[Round "6"]
[White "Kharlov Andrei"]
[Black "Prokopchuk Evgeny"]
[Result "1-0"]
[WhiteElo "2560"]
[BlackElo "2500"]
[PlyCount "65"]
[EventDate "1998.06.01"]

1. e4 c5 2. c3 Nf6 3. e5 Nd5 4. d4 cxd4 5. Nf3 e6 6. cxd4 b6 7. Bd3 Bb7 8. O-O
d6 9. Nc3 Nxc3 10. bxc3 Be7 11. Bf4 Nc6 12. Qe2 dxe5 13. dxe5 Qc7 14. Rad1
O-O-O 15. h4 Kb8 16. Bg3 Na5 17. Nd4 Qxc3 18. Nb5 Qc6 19. f3 Bc5+ 20. Kh2 Qc8
21. Rc1 Ba6 22. Rfd1 Bxb5 23. Bxb5 Rxd1 24. Rxd1 Rd8 25. Ba6 Qc7 26. Rxd8+ Qxd8
27. Qe4 h6 28. Be1 Qd7 29. Qh7 Bf8 30. Bxa5 bxa5 31. Qb1+ Ka8 32. Bd3 a6 33.
Be4+ 1-0

[Event "Maikop University"]
[Site "Maikop"]
[Date "1998.06.06"]
[Round "6"]
[White "Eismont Oleg"]
[Black "Yandemirov Valeri"]
[Result "0-1"]
[WhiteElo "2470"]
[BlackElo "2545"]
[PlyCount "84"]
[EventDate "1998.06.01"]

1. e4 e5 2. Nf3 Nc6 3. Bc4 Nf6 4. d3 Be7 5. O-O O-O 6. Re1 d6 7. a4 h6 8. c3
Nh7 9. d4 Ng5 10. Nxg5 Bxg5 11. dxe5 Nxe5 12. Be2 Bxc1 13. Qxc1 a5 14. f4 Nd7
15. Qc2 Nc5 16. Bf3 Bd7 17. Nd2 Qf6 18. g3 Rfe8 19. b3 Bc6 20. Re2 Re7 21. Rae1
Qg6 22. Nf1 Rae8 23. f5 Qf6 24. h4 Qe5 25. Kh2 b5 26. axb5 Bxb5 27. c4 Bc6 28.
Nd2 Qd4 29. Bg2 Nd3 30. Nf3 Nxe1 31. Nxd4 Nxc2 32. Nxc6 Nb4 33. Nxe7+ Rxe7 34.
Rd2 Re5 35. g4 g5 36. Kg3 Kg7 37. hxg5 hxg5 38. Rd1 Na6 39. Re1 Nc5 40. Re3 Re8
41. Kf2 Rb8 42. e5 dxe5 0-1

[Event "Maikop University"]
[Site "Maikop"]
[Date "1998.06.06"]
[Round "6"]
[White "Igudesman K"]
[Black "Drozdov Igor"]
[Result "1/2-1/2"]
[WhiteElo "2370"]
[BlackElo "2440"]
[PlyCount "91"]
[EventDate "1998.06.01"]

1. e4 c6 2. d4 d5 3. e5 Bf5 4. h4 Qc8 5. Be2 h6 6. c4 e6 7. Nc3 dxc4 8. Bxc4
Nd7 9. Nge2 Nb6 10. Bb3 Ne7 11. Ng3 Qd7 12. Be3 Bg6 13. h5 Bh7 14. Bc2 Bxc2 15.
Qxc2 Ned5 16. Nce4 Be7 17. O-O f5 18. exf6 gxf6 19. Nc5 Bxc5 20. dxc5 Nc8 21.
Ne4 Qf7 22. Qe2 Rg8 23. f4 f5 24. Nd2 Qg7 25. Nc4 Nce7 26. Nd6+ Kd7 27. Rf2 Qg4
28. Re1 Qxe2 29. Rfxe2 Nxe3 30. Rxe3 Nd5 31. Rxe6 Rxg2+ 32. Kh1 Rag8 33. Rxh6
R8g4 34. Rg6 Rxg6 35. hxg6 Rxg6 36. Nxf5 Rf6 37. Nd6 Rxf4 38. Kg2 Rd4 39. Rh1
Rd2+ 40. Kf3 Rxb2 41. Rh7+ Ke6 42. Nxb7 Ne7 43. Nd8+ Kd7 44. Nxc6 Kxc6 45. Rxe7
Rxa2 46. Ke3 1/2-1/2

[Event "Maikop University"]
[Site "Maikop"]
[Date "1998.06.06"]
[Round "6"]
[White "Kiriakov Petr"]
[Black "Vaulin Alexander"]
[Result "1/2-1/2"]
[WhiteElo "2495"]
[BlackElo "2535"]
[PlyCount "20"]
[EventDate "1998.06.01"]

1. d4 d5 2. c4 dxc4 3. Nf3 a6 4. e3 e6 5. Bxc4 c5 6. O-O Nf6 7. b3 Nc6 8. Bb2
cxd4 9. Nxd4 Nxd4 10. Bxd4 Be7 1/2-1/2

[Event "Maikop University"]
[Site "Maikop"]
[Date "1998.06.06"]
[Round "6"]
[White "Shariyazdanov Andrey"]
[Black "Kupreichik Viktor D"]
[Result "1/2-1/2"]
[WhiteElo "2495"]
[BlackElo "2505"]
[PlyCount "62"]
[EventDate "1998.06.01"]

1. d4 d5 2. c4 c6 3. e3 Bf5 4. cxd5 cxd5 5. Qb3 Qc7 6. Nc3 e6 7. Bd2 Nc6 8. Rc1
Nf6 9. Nf3 Be7 10. Bb5 O-O 11. O-O a6 12. Bxc6 bxc6 13. Na4 Rab8 14. Qd1 Bd6
15. h3 Rfc8 16. Bc3 Nd7 17. Qd2 Be4 18. Qe2 Qb7 19. b3 Qb5 20. Qb2 f6 21. Rfd1
Bxf3 22. gxf3 c5 23. dxc5 Nxc5 24. Nxc5 Rxc5 25. Qd2 d4 26. f4 Bxf4 27. exf4
dxc3 28. Rxc3 Rd5 29. Rd3 Rbd8 30. Rxd5 Rxd5 31. Qc2 h6 1/2-1/2

[Event "Maikop University"]
[Site "Maikop"]
[Date "1998.06.06"]
[Round "6"]
[White "Belozerov Andrei"]
[Black "Totsky Leonid"]
[Result "1/2-1/2"]
[WhiteElo "2460"]
[BlackElo "2490"]
[PlyCount "71"]
[EventDate "1998.06.01"]

1. Nf3 c5 2. c4 Nf6 3. Nc3 e6 4. g3 b6 5. Bg2 Bb7 6. O-O Nc6 7. b3 Be7 8. Bb2
O-O 9. d4 Nxd4 10. Nxd4 Bxg2 11. Kxg2 cxd4 12. Qxd4 Qc7 13. e4 d6 14. Rfd1 Rfd8
15. Rac1 a6 16. f3 Qb7 17. Ba3 Rac8 18. Qe3 h6 19. Rd3 b5 20. cxb5 axb5 21. Bb4
d5 22. Bxe7 Qxe7 23. exd5 b4 24. d6 Qb7 25. Ne4 Nd5 26. Qd2 Rxc1 27. Qxc1 f5
28. Nc5 Qc6 29. Qc4 Qxd6 30. Nb7 Qe5 31. Nxd8 Qe2+ 32. Kg1 Qe1+ 33. Kg2 Qe2+
34. Kg1 Qe1+ 35. Kg2 Qe2+ 36. Kg1 1/2-1/2

[Event "Maikop University"]
[Site "Maikop"]
[Date "1998.06.06"]
[Round "6"]
[White "Vokarev Sergey"]
[Black "Nikitin Andrey"]
[Result "1/2-1/2"]
[WhiteElo "2485"]
[BlackElo "2410"]
[PlyCount "65"]
[EventDate "1998.06.01"]

1. e4 e6 2. d4 d5 3. Nd2 c5 4. exd5 Qxd5 5. Ngf3 cxd4 6. Bc4 Qd8 7. O-O a6 8.
Nb3 Qc7 9. Qe2 Bd6 10. Nbxd4 Ne7 11. Re1 Nbc6 12. Nxc6 Nxc6 13. Qe4 Bd7 14. Qh4
Ne7 15. Bd3 O-O-O 16. Be3 Ng6 17. Qc4 Nf4 18. Bb6 Qxc4 19. Bxc4 Bc7 20. Bxc7
Kxc7 21. Ng5 Be8 22. g3 Nd5 23. Rad1 h6 24. Nf3 Nb4 25. c3 Nc6 26. Rxd8 Kxd8
27. Kf1 Ke7 28. Ne5 Nxe5 29. Rxe5 Bc6 30. h4 Rc8 31. Ke2 Kf6 32. Re3 g5 33.
hxg5+ 1/2-1/2

[Event "Maikop University"]
[Site "Maikop"]
[Date "1998.06.06"]
[Round "6"]
[White "Yakovich Yuri"]
[Black "Dyachkov Sergej"]
[Result "1-0"]
[WhiteElo "2570"]
[BlackElo "2510"]
[PlyCount "79"]
[EventDate "1998.06.01"]

1. d4 e6 2. Nf3 f5 3. g3 Nf6 4. Bg2 Be7 5. O-O O-O 6. c4 d6 7. Nc3 Qe8 8. Re1
Nc6 9. e4 Nxe4 10. Nxe4 fxe4 11. Rxe4 Qg6 12. Qe2 Bf6 13. Bd2 e5 14. dxe5 dxe5
15. Bc3 Bf5 16. Nh4 Bxh4 17. Rxh4 Rae8 18. Qe3 h6 19. b4 Qf6 20. b5 Nd8 21. c5
c6 22. Ra4 cxb5 23. Rxa7 Rf7 24. Ra8 Rd7 25. Re1 Rd3 26. Qc1 Bg4 27. f4 Qf7 28.
Bxe5 Qd7 29. Bf1 Rxe5 30. Bxd3 Qd4+ 31. Re3 Rxe3 32. Rxd8+ Qxd8 33. Qxe3 Kf7
34. Qe4 Qd7 35. Kf2 Be6 36. a3 Bd5 37. Bxb5 Qxb5 38. Qxd5+ Ke7 39. Ke3 Qb2 40.
Qe5+ 1-0

[Event "Maikop University"]
[Site "Maikop"]
[Date "1998.06.06"]
[Round "6"]
[White "Tunik Gennady"]
[Black "Fominyh Alexander"]
[Result "0-1"]
[WhiteElo "2470"]
[BlackElo "2530"]
[PlyCount "88"]
[EventDate "1998.06.01"]

1. d4 Nf6 2. c4 c5 3. d5 b5 4. cxb5 a6 5. b6 d6 6. Nc3 Nbd7 7. Nf3 Rb8 8. e4 g6
9. h3 Bg7 10. Bd3 O-O 11. O-O Qxb6 12. Re1 Ne8 13. Bf1 Nc7 14. a4 Qb3 15. Nd2
Qxd1 16. Rxd1 Rb4 17. Nc4 Nb6 18. Ne3 Bd7 19. a5 Na4 20. Nxa4 Bxa4 21. Bd2 Rxe4
22. Rdb1 Bb5 23. Ra2 Bxf1 24. Kxf1 Rb8 25. b3 Bh6 26. Ng4 Bg7 27. Ne3 f5 28. f3
Rd4 29. Ke2 Nb5 30. Rc1 f4 31. Nc4 Rxd5 32. Nb6 Rf5 33. Kf1 Nd4 34. Rb1 Nc6 35.
Rc2 g5 36. Rc4 Kf7 37. Be1 Rb7 38. Bd2 h6 39. Be1 Bf6 40. Bd2 Ke6 41. Re1+ Re5
42. Rb1 Kf7 43. Be1 Rxe1+ 44. Rxe1 Nxa5 0-1

[Event "Maikop University"]
[Site "Maikop"]
[Date "1998.06.06"]
[Round "6"]
[White "Makarov Marat"]
[Black "Iljushin Alexei"]
[Result "1/2-1/2"]
[WhiteElo "2540"]
[BlackElo "2460"]
[PlyCount "43"]
[EventDate "1998.06.01"]

1. d4 e6 2. Nf3 f5 3. d5 Nf6 4. dxe6 d5 5. c4 Bxe6 6. cxd5 Bxd5 7. Nc3 Bb4 8.
Bd2 Nc6 9. e3 Qd6 10. Nxd5 Nxd5 11. Bb5 O-O-O 12. O-O Bxd2 13. Qxd2 Ne5 14.
Nxe5 Qxe5 15. Rad1 Nf6 16. Qb4 h5 17. Be2 g5 18. Rc1 Ne4 19. Rfd1 g4 20. f3
gxf3 21. Bxf3 h4 22. Bxe4 1/2-1/2

[Event "Maikop University"]
[Site "Maikop"]
[Date "1998.06.06"]
[Round "6"]
[White "Dmitriev Igor"]
[Black "Sherbakov Ruslan"]
[Result "0-1"]
[WhiteElo "2405"]
[BlackElo "2555"]
[PlyCount "106"]
[EventDate "1998.06.01"]

1. Nf3 d5 2. d3 g6 3. c4 dxc4 4. Qa4+ Nd7 5. Qxc4 Bg7 6. e4 Nb6 7. Qc2 e5 8. h3
Ne7 9. Be3 O-O 10. Be2 Be6 11. O-O Nc6 12. a3 a5 13. b3 h6 14. Nbd2 f5 15. Rac1
Rf7 16. Qb1 Kh7 17. Rc2 Nc8 18. Rfc1 f4 19. Bc5 Nb8 20. a4 b6 21. Ba3 c5 22.
Bb2 Nc6 23. Qa1 Nd4 24. Bxd4 exd4 25. Nc4 Ne7 26. Nfe5 Bxe5 27. Nxe5 Rg7 28.
Bg4 Bxg4 29. hxg4 Qd6 30. Nf3 Nc6 31. Re1 Qe6 32. g5 Nb4 33. Rd2 Qxb3 34. gxh6
Kxh6 35. Red1 Qe6 36. Kf1 g5 37. Ke2 Kg6 38. Rh1 Qe7 39. Rdd1 Nd5 40. Rdg1 Nc3+
41. Kd2 Qf6 42. g4 fxg3 43. Rxg3 Kf7 44. Ke1 g4 45. Nd2 Rf8 46. Nc4 Ke7 47. Rh2
Kd7 48. Qb2 Kc7 49. Qb3 Rff7 50. e5 Qe6 51. Rh4 Rg5 52. f4 Rxf4 53. Rh7+ Kd8
0-1

[Event "Maikop University"]
[Site "Maikop"]
[Date "1998.06.06"]
[Round "6"]
[White "Shovunov Baatr"]
[Black "Rodin Mihail"]
[Result "1/2-1/2"]
[WhiteElo "2475"]
[BlackElo "2390"]
[PlyCount "38"]
[EventDate "1998.06.01"]

1. e4 e5 2. Nf3 Nc6 3. d4 exd4 4. Nxd4 Nf6 5. Nxc6 bxc6 6. e5 Ne4 7. Qf3 Ng5 8.
Qg3 Ne6 9. Bd3 d6 10. O-O g6 11. exd6 Bxd6 12. f4 O-O 13. Nc3 Nd4 14. Ne4 Be7
15. Qf2 Re8 16. Be3 c5 17. Rad1 Bg4 18. Rd2 Bh4 19. Ng3 Qe7 1/2-1/2

[Event "Maikop University"]
[Site "Maikop"]
[Date "1998.06.06"]
[Round "6"]
[White "Karavaev Vladimir"]
[Black "Kozak Alexander"]
[Result "1-0"]
[WhiteElo "2380"]
[BlackElo "2365"]
[PlyCount "81"]
[EventDate "1998.06.01"]

1. e4 c5 2. Nc3 Nc6 3. f4 e6 4. Nf3 d5 5. Bb5 Nf6 6. Bxc6+ bxc6 7. d3 Qb6 8. e5
Ng8 9. b3 c4 10. Na4 Qc7 11. dxc4 dxc4 12. O-O Ba6 13. Re1 Nh6 14. h3 Rd8 15.
Qe2 Bb5 16. Qe4 Nf5 17. Kh2 h5 18. Be3 Bb4 19. c3 Be7 20. Nc5 Rd5 21. b4 Nxe3
22. Qxe3 Bxc5 23. bxc5 Rd3 24. Qe4 g6 25. a4 Ba6 26. Re3 Rd5 27. Nd4 Rxc5 28.
Rb1 Bc8 29. Kh1 O-O 30. Rg3 Kg7 31. Rf1 Rd5 32. Rg5 Rfd8 33. Rf3 Kf8 34. Rfg3
c5 35. Rxg6 cxd4 36. Rg7 dxc3 37. Qh7 Rd1+ 38. Kh2 Ke8 39. Qg8+ Kd7 40. Qxf7+
Kc6 41. Qxc7+ 1-0

[Event "Maikop University"]
[Site "Maikop"]
[Date "1998.06.06"]
[Round "6"]
[White "Iskusnyh Sergei"]
[Black "Shipov Sergei"]
[Result "0-1"]
[WhiteElo "2455"]
[BlackElo "2620"]
[PlyCount "74"]
[EventDate "1998.06.01"]

1. Nf3 Nf6 2. c4 c5 3. Nc3 e6 4. g3 b6 5. Bg2 Bb7 6. O-O Be7 7. Re1 d6 8. e4 a6
9. d4 cxd4 10. Nxd4 Qc7 11. f4 O-O 12. Be3 Re8 13. Rc1 Nbd7 14. g4 h6 15. h4
Nc5 16. Bf2 d5 17. e5 Nfe4 18. cxd5 Nxf2 19. Kxf2 Bxh4+ 20. Ke3 Bxe1 21. Qxe1
exd5 22. b4 Qd7 23. Qd1 Rad8 24. Nce2 Ne4 25. Nf5 Nd6 26. Ned4 f6 27. Nxd6 Qxd6
28. Nf5 Qd7 29. Kd4 fxe5+ 30. fxe5 Qe6 31. Qe2 Rd7 32. Bh3 Rf7 33. Qe3 Rc8 34.
Nd6 Rxc1 35. Qxc1 Rf3 36. Qh1 Rf4+ 37. Kd3 Qxe5 0-1

[Event "Maikop University"]
[Site "Maikop"]
[Date "1998.06.06"]
[Round "6"]
[White "Kobalija Mihail"]
[Black "Zaitsev Vadim"]
[Result "1-0"]
[WhiteElo "2500"]
[BlackElo "2425"]
[PlyCount "111"]
[EventDate "1998.06.01"]

1. e4 c5 2. Nf3 Nc6 3. d4 cxd4 4. Nxd4 Nf6 5. Nc3 d6 6. Bg5 e6 7. Qd2 Be7 8.
O-O-O O-O 9. f4 h6 10. Bh4 e5 11. Nf5 Bxf5 12. exf5 exf4 13. Kb1 d5 14. Bxf6
Bxf6 15. Nxd5 Be5 16. c3 Ne7 17. Bc4 Nxf5 18. Qe2 Re8 19. Bb5 Re6 20. Nxf4 Rd6
21. Nd3 Bf6 22. Nc5 a6 23. Bd3 Qf8 24. Ne4 Re6 25. Bc4 Re5 26. Qg4 Kh8 27. Nxf6
gxf6 28. Qf4 Rae8 29. Bb3 Qg7 30. g3 Ne3 31. Rd2 Qg6+ 32. Ka1 b5 33. Rc1 Kg7
34. Rd7 R5e7 35. Rxe7 Rxe7 36. a3 a5 37. Qf2 a4 38. Ba2 Qg5 39. Bb1 Qe5 40. Re1
f5 41. Re2 Re6 42. Bd3 Qc5 43. Kb1 Re5 44. Qf4 f6 45. Qd4 Qe7 46. Bxb5 Rxb5 47.
Rxe3 Re5 48. Rxe5 fxe5 49. Qxa4 Qb7 50. Qc4 Kf6 51. a4 Qh1+ 52. Ka2 Qxh2 53. a5
Qxg3 54. a6 Qg1 55. Qc7 Qd1 56. Qc6+ 1-0